000
00212 a2200097 4500
001
2888
100
_a
Allen, G.C.
245
_a
A short History of Mod Japan
260
_a
_b
Allen & Onwin
_c
090
_c
2181
_d
2181
942
_a
NUST-CAE
_c
M
_c
13125
999
_c
237961
_d
237961